000 00643nam a2200229 a 4500
003 OSt
005 20160127181653.0
008 080326s2007 esp 000 1 spa d
020 _a978-84-08-06005-5
040 _cBMC
082 _a833
100 1 _aSchätzing, Frank
_937869
245 1 3 _aEl quinto día
_cFrank Schätzing ; traducción, Griselda Mársico
250 _a1ª ed., 10ª reimp
260 _aBarcelona
_bPlaneta
_c2007
300 _a969 p.
_c24 cm
490 0 _aPlaneta Internacional
595 _aTraducción de: Der Schwarm
650 2 4 _929298
_aNovela alemana
700 1 _938200
_aMársico, Griselda
942 _2ddc
_cBK
999 _c24604
_d24604